000 00561nam a2200181Ia 4500
008 131103s9999 xx 000 0 und d
040 _aLoreto College
041 _aEnglish
082 _a915.42/GAN
_bLCLIB
100 _aGansser, Augusto
245 _aGeology of the Himalayas
_cAugusto Gansser; edited by L. U. De Sitter
260 _aLondon
_bInterscience Publishers
_c1964
300 _axvi,289 p.
_b ill., figures
_c 29 cm.
504 _aIncludes bibliographical references and index
700 _aSitter, L. U. De, ed.
850 _aLCLIB
942 _cBK
999 _c3385
_d53864